Úspešný rok ZUŠ Antona Cígera, výtvarný odbor

Bibliographic Details
Main Author: Kornajová, Gabriela (Author)
Format: Article
Language:Slovak
PhysicalDescription:Fotogr.
Subjects:
Online Access:http://www.kezmarok.sk/obcan/clanky/noviny_kezmarok_archiv-97.htm

MARC

LEADER 00000nab a2200000 ar4500
001 vtls010613304
003 SK-MaSNL
005 20260303231058.0
008 140807c2014 xo sr|p|||||||000 b|slo
038 |a PPPK 
040 |a PPPKCL  |b slo  |c PPPKCL  |e AACR2 
041 0 |a slo 
044 |a xo  |c SK 
080 |a 373/378:7  |x (437.671.113.123)  |2 2001 
100 1 |a Kornajová, Gabriela  |4 aut  |9 1265714 
245 1 0 |a Úspešný rok ZUŠ Antona Cígera, výtvarný odbor  |c Gabriela Kornajová, ZUŠ A. Cígera, Kežmarok 
300 |b Fotogr. 
610 2 7 |a Základná umelecká škola Antona Cígera (Kežmarok, Slovensko)  |2 pppkcl  |9 546120 
650 0 7 |a umelecké školy  |2 pppkcl  |9 29319 
650 0 7 |a základné umelecké školy  |2 pppkcl  |9 29368 
650 0 7 |a školský rok 2013/2014  |2 pppkcl  |9 1093162 
651 7 |a Kežmarok (Slovensko)  |2 pppkcl  |9 26808 
773 0 |t Kežmarok  |g Roč. XXII, č. 12 (2014), s. 6 
852 |a PPPK  |b KIS3GCP 
856 4 1 |u http://www.kezmarok.sk/obcan/clanky/noviny_kezmarok_archiv-97.htm 
999 |c 2265082  |d 2267012